000 00475nam a2200169Ia 4500
008 151021s9999 xx 000 0 und d
020 _a256032734
050 _aHF 5415.13.P388 2003
245 _a_A preface to Marketing Management
260 _aUSA Business Publications Inc 1935
300 _ax,295p.
500 _aIncludes index
500 _aIncludes index
650 _a_Marketing
700 _a_James H.Donnelly Jr
980 _a^d20141022 10:22:20^omwanik
999 _c13298
_d13298